| 000 | 00454nam a2200109Ia 4500 | ||
|---|---|---|---|
| 008 | 160909s9999 xx 000 0 und d | ||
| 100 | _aSantana, Abel | ||
| 245 | _aGeospatial sensor integration: Design of an automated collection, management and visualization system for water quality data | ||
| 260 |
_bCalifornia State University, Long Beach. _c2016 |
||
| 650 | _aMARKETING MANAGEMENT | ||
| 856 | _uhttp://pqdtopen.proquest.com/doc/1763000354.html?FMT=ABS | ||
| 999 |
_c304873 _d304873 |
||